000 00468nam a2200181Ia 4500
003 GCL
008 140319s9999 xx 000 0 eng d
040 _aGCL /
_cGCL
082 0 4 _a759
_bW P
100 1 _aWALTHER, INGO F.
245 1 0 _aPAUL GAUGUIN 1848 - 1903 THE PRIMITIVE SOPHISTICATE /
_cWALTHER, INGO F.
260 _a[S.N] :
_bBENEDIKT TASCHEN ،
_c1988
300 _a96 PP
650 0 4 _aARTS
650 0 4 _aPAINTING
650 0 4 _aGAUGUIN
942 _2ddc
_cBK
999 _c18906
_d18906